000 03166cam a2200313 i 4500
001 114412
005 20230410101558.0
008 130603s2012 cu a 000 0 spa
035 _a17810673
010 _a 2013446478
020 _a9789593041287 (pbk.)
050 1 4 _a107 PN 1993.5
_bP221 2012
082 0 0 _a791.4397291
245 0 0 _aPara verte mejor :
_bpasajes del cine cubano en La Gaceta de Cuba /
_cselección y prefacio de Norberto Codina ; prólogo de Arturo Sotto.
264 _aCiudad de La Habana, Cuba :
_bEdiciones ICAIC,
_c2012
300 _a386 p. :
_bil. ;
_c21 cm
500 _aInterviews, chronicles, and essays published between 1993 and 2011 in La Gaceta de Cuba.
505 0 _aCine cubano entre dos siglos / Norberto Codina -- Prólogo para un libro sobre cine cubano / Arturo Sotto -- Tomás Gutiérrez Alea : entrevista filmada, entre Fresa y chocolate / Rebeca Chávez -- Otro cine, otro mundo, otra sociedad / Tomás Gutiérrez Alea -- El discípulo, la amistad : entrevista a Juan Carlos Tabío / Arturo Arango -- La actriz y el maestro : una conversación con Mirtha Ibarra / Mario Vizcaíno Serrat -- Santiago Álvarez : pensar con el corazón / Roberto Rodríguez Menéndez -- Manuel Pérez o el ejercicio de la memoria / Arturo Arango -- ¿Quién eres tú Sara Gómez? / Gerardo Fulleda León -- Nicolás Guillén Landrián : el iluminado y su sombra / Dean Luis Reyes -- Cine y compromiso : Humberto Solás, por un arte inconforme / Lucía López Coll -- Intuiciones de Fernando Pérez / Vivian Martínez Tabares -- Arturo Sotto : yo solo quiero saber / Ivette Leyva -- A dos pasos del kitsch : entrevista a Lester Hamlet / Miharu Miyasaka y Jacqueline Venet -- Jorge Luis Sánchez y el otro cine cubano / Darien Sánchez -- Horror de culto con estilo caribeño : una conversación en Yutong con Jorge Molina / Pedro R. Noa -- Tirarse de manos : entrevista con Luis Alberto García / Amado del Pino -- Viajes con regreso : conversación con Jorge Perugorría / Ana Rodríguez León y Luis Ernesto Flores -- Desnudo de Daisy Granados / Idania Machado -- Todo o nada : entrevista a Sergio Corrieri (fragmentos) / Waldo Leyva -- Miravalles / Elizabeth Mirabal -- Breve introducción al discurso audiovisual de la diáspora cubana / Juan Antonio García Borrero -- La identidad geográficamente indefinida / Miguel Coyula -- El cine como pasión / Humberto Arenal -- Memorias del subdesarrollo, dramaturgia y América Latina : conversación con Edmundo Desnoes, Javier Cencig, Iana Cossoy Paro, Thiago Mendonça y Moara Passoni -- Una papeleta amarilla para entrar al cine / Senel Paz -- Para verte mejor / Julio García Espinosa -- Soy Cuba / Enrique Pineda Barnet.
650 0 _aMotion pictures
_zCuba
_xHistory
_y20th century.
650 0 _aMotion pictures
_zCuba
_xHistory
_y21st century.
650 4 _aPrimera Jornada de Catalogacion.
650 4 _aCine
_xHistoria y crítica
_zCuba.
650 4 _aCine
_xTemas, motivos.
650 4 _aCine cubano.
650 4 _aCine
_xHistoria
_zCuba.
700 1 _aCodina, Norberto,
_d1951-
730 0 _aGaceta de Cuba (Havana, Cuba : 1986)
942 _2lcc
_cbk
999 _c10346
_d10346